Маркова Павла Алексеевича

Доступно только в Электронных читальных залах Найти на картеНа карте
RUSMARC
00003939nac2a22002891x 450
0019b45b7b6-0bde-444e-8164-d8a1056cf408
00520131223102854.0
100##$a20130529l18781894k y0rusy50 ca
1010#$arus
102##$aRU
105##$ay z |||||
1222#$ad18781123
$ad18940206
2001#$aМаркова Павла Алексеевича
$j23 ноября 1878 - 6 февраля 1894
215##$a6 листов
251##$cДело
300##$aЗаголовок дела на папке: Письма Маркова Павла Алексеевича Кони А. Ф.
300##$a5 писем
300##$aРукописный текст
330##$aПереписка А. Ф. Кони; Письма к А. Ф. Кони
461#0$10013a54f2e3-e9cf-409b-80fa-f0a9bd3c40cb
$12001
$aКони Анатолий Федорович, юрист, литератор, член академии наук, председатель Санкт-Петербургского окружного суда, член государственного совета
$1251
$cФонд
$1852
$j564
462#0$100178a475cd-a47d-4377-bff3-cee4b81de655
$12001
$aОпись дел фонда А. Ф. Кони за 1880-1931 гг.
$1251
$cОпись
$1852
$j1
517##$aПисьма Маркова Павла Алексеевича Кони А. Ф.
600#1$aКони
$bА. Ф.
$f1844-1927
$gАнатолий Федорович
600#1$aМарков
$bП. А.
$gПавел Алексеевич
801#0$aRU
$bGA_RF
801#1$aRU
$bНПО Опыт
$c20130529
$2rusmarc
801#2$aRU
$bПБ им. Б.Н. Ельцина
$c20131223
$gRCR
$2rusmarc
852##$aГА РФ
$j2485
937##$d42521701
$hПБ
035##$aRuPRLIB51003267
Формат отображения